Statistics for The Most General General Knowledge Quiz

Click here to take the quiz!

General Stats

  • This quiz has been taken 24 times
  • The average score is 11 of 13

Answer Stats

QuestionAnswer% Correct
What colour does the US flag not have?Grey
100%
Who is the current US president?Joe Biden
100%
The Wright Brothers invented which of these objects?Motor-operated airplane
100%
What is the largest country by area?Russia
100%
Which continent is the Amazon rainforest located?South America
100%
Which is the smallest country in the world by area?Vatican City
100%
Which of these is not a chocolate brand?Haribo
90%
Jamaica is a part of which continent?North America
90%
How many continents are there?7
80%
Which country won the 2018 FIFA World Cup?France
75%
Which social media platform has the most monthly users?Facebook
60%
Which of these are not elements?Water
60%
Which fast food chain has the most outlets world-wide?Subway
35%

Score Distribution

Percentile by Number Answered

Percent of People with Each Score

Your Score History

You have not taken this quiz